[Event "XI Weekend B"]
[Site "Gorgonzola ITA"]
[Date "2006.11.11"]
[Round "1"]
[White "Regorda, Vittorio"]
[Black "Primerano, Carlo"]
[Result "1/2-1/2"]
[WhiteElo "1885"]
[BlackElo "1758"]
[PlyCount "144"]
[EventDate "2006.11.11"]

1. c4 c6 2. Nc3 f5 3. Nf3 Nf6 4. e3 e6 5. Be2 d5 6. b3 Bd6 7. O-O O-O 8. Bb2
Nbd7 9. Qc1 Qe7 10. d4 Ne4 11. Nb1 Ndf6 12. Ba3 Bxa3 13. Nxa3 Bd7 14. c5 Be8
15. Ne5 Bh5 16. f3 Nd7 17. Nxd7 Qxd7 18. Qe1 Nf6 19. f4 Bxe2 20. Qxe2 Qf7 21.
b4 Qc7 22. Rab1 Ne4 23. Qd3 a6 24. Nc2 b6 25. cxb6 Qxb6 26. Rfc1 Rfc8 27. Ne1
Qb5 28. Rc2 Nd6 29. Qb3 Nc4 30. Kf2 a5 31. a4 Qxb4 32. Qxb4 axb4 33. Rxb4 Rcb8
34. Nd3 Kf8 35. Ra2 Ke8 36. a5 Rxb4 37. Nxb4 Rxa5 38. Rxa5 Nxa5 39. Kf3 Kd7 40.
h3 Nb3 41. Nd3 Kd6 42. g4 c5 43. dxc5+ Nxc5 44. Ne5 Nd7 45. Nd3 e5 46. Ne1
fxg4+ 47. hxg4 exf4 48. exf4 Kc5 49. Ke3 Kc4 50. Nf3 Nf6 51. Ne5+ Kc3 52. g5
d4+ 53. Ke2 Nd5 54. f5 Kc2 55. Nd3 Nc3+ 56. Kf3 Nd5 57. Ke4 Ne7 58. Nf2 Kc3 59.
Ke5 d3 60. Ke6 Nxf5 61. Kxf5 d2 62. Ke5 h5 63. Kf5 Kd4 64. g6 Ke3 65. Nd1+ Ke2
66. Nb2 Kf3 67. Kg5 h4 68. Kxh4 Kf4 69. Kh5 Kf5 70. Nd1 Kf4 71. Nc3 Kf5 72. Nd1
Kf4 1/2-1/2

[Event "XI Weekend B"]
[Site "Gorgonzola ITA"]
[Date "2006.11.11"]
[Round "1"]
[White "Saccani, Ettore"]
[Black "Carbone, Lorenzo"]
[Result "0-1"]
[WhiteElo "1917"]
[BlackElo "1820"]
[PlyCount "100"]
[EventDate "2006.11.11"]

1. e4 c5 2. c3 d5 3. exd5 Qxd5 4. d4 Nf6 5. Nf3 Nc6 6. Na3 a6 7. Nc2 e6 8. Be2
Be7 9. O-O O-O 10. Ne3 Qd8 11. Nc4 b5 12. Nce5 Bb7 13. Be3 cxd4 14. Nxc6 Bxc6
15. Nxd4 Bb7 16. Bf3 Qc7 17. Qb3 Bxf3 18. Nxf3 Rad8 19. Rad1 h6 20. h3 Rxd1 21.
Rxd1 Rd8 22. Rxd8+ Qxd8 23. a4 Qd5 24. Qc2 Nd7 25. axb5 axb5 26. Nd4 Ne5 27.
Qe2 Nc4 28. Bc1 Bf6 29. b3 Nd6 30. Ba3 Bxd4 31. cxd4 Nf5 32. Qd3 Nxd4 33. Bb2
Nxb3 34. Qg3 Nd4 35. Bxd4 Qxd4 36. Qb8+ Kh7 37. Qxb5 g6 38. Qe2 Kg7 39. Qf3 e5
40. g4 g5 41. Qe3 Qxe3 42. fxe3 e4 43. Kf2 Kg6 44. Kg3 Kf6 45. h4 Ke5 46. hxg5
hxg5 47. Kg2 Kd5 48. Kf2 Kc4 49. Ke1 Kd3 50. Kf2 Kd2 0-1

[Event "XI Weekend B"]
[Site "Gorgonzola ITA"]
[Date "2006.11.11"]
[Round "1"]
[White "Santandrea, Marco"]
[Black "Riboldi, Raffaele"]
[Result "1-0"]
[WhiteElo "1829"]
[BlackElo "1927"]
[PlyCount "89"]
[EventDate "2006.11.11"]

1. e4 e6 2. d4 d5 3. Nd2 c5 4. c3 Nc6 5. Ngf3 Bd6 6. exd5 exd5 7. dxc5 Bxc5 8.
Nb3 Bb6 9. Bd3 Nge7 10. O-O Bg4 11. Bf4 h6 12. Rc1 O-O 13. Bb1 Qd7 14. Qd3 Bf5
15. Qd2 Rad8 16. Nbd4 Bxb1 17. Rxb1 Nf5 18. Nxc6 bxc6 19. Ne5 Qb7 20. Qc2 Nd6
21. b4 Ne4 22. Nd3 Rfe8 23. Nc5 Bxc5 24. bxc5 Qe7 25. Be3 Nxc5 26. h3 Ne4 27.
Rb3 Rb8 28. Rfb1 Qc7 29. Qb2 Rxb3 30. Qxb3 c5 31. Qb7 Rc8 32. Rb3 Nxc3 33. Qxc7
Ne2+ 34. Kf1 Rxc7 35. Kxe2 Kf8 36. Rc3 c4 37. Ra3 Ke8 38. Rxa7 Kd7 39. Rxc7+
Kxc7 40. Kd2 Kc6 41. a4 h5 42. Kc3 g6 43. Kb4 f5 44. f3 Kd6 45. Bd4 1-0

[Event "XI Weekend B"]
[Site "Gorgonzola ITA"]
[Date "2006.11.11"]
[Round "1"]
[White "Savarese, Vincenzo"]
[Black "Rossi, Giampiero"]
[Result "0-1"]
[WhiteElo "1865"]
[BlackElo "1976"]
[PlyCount "109"]
[EventDate "2006.11.11"]

1. e4 c5 2. c3 d5 3. exd5 Qxd5 4. d4 e6 5. Nf3 Nc6 6. Be2 cxd4 7. cxd4 Nf6 8.
Nc3 Qd6 9. O-O Be7 10. Nb5 Qb8 11. Bg5 a6 12. Nc3 O-O 13. Rc1 Rd8 14. Qb3 Nxd4
15. Nxd4 Rxd4 16. Bf3 b5 17. Bxa8 Qxa8 18. Ne2 Rg4 19. Rxc8+ Qxc8 20. Bxf6 Bxf6
21. Qf3 Rc4 22. b3 Rc2 23. Qd3 Rxa2 24. Nd4 Bxd4 25. Qxd4 Rc2 26. Qa1 f6 27.
Rd1 e5 28. Qa3 Qc5 29. Rd8+ Kf7 30. Qxc5 Rxc5 31. g3 a5 32. Ra8 b4 33. Ra7+ Kg6
34. Kg2 h5 35. h4 e4 36. Re7 Re5 37. Ra7 e3 38. fxe3 Rxe3 39. Rxa5 Rxb3 40. Rb5
Rb1 41. Rb7 b3 42. Kh2 b2 43. Kg2 Kf5 44. Kh2 g5 45. hxg5 Kxg5 46. Kg2 f5 47.
Rb5 Kf6 48. Rb7 Ke5 49. Kh2 Ke4 50. Kg2 Kd5 51. Kh2 Kc6 52. Rb8 Kd5 53. Kg2 Ke4
54. Rb4+ Kd3 55. Rb8 {...} 0-1

[Event "XI Weekend B"]
[Site "Gorgonzola ITA"]
[Date "2006.11.11"]
[Round "1"]
[White "Virzi, Ettore"]
[Black "Marino, Marco"]
[Result "1/2-1/2"]
[WhiteElo "1967"]
[BlackElo "1863"]
[PlyCount "70"]
[EventDate "2006.11.11"]

1. e4 d5 2. exd5 Qxd5 3. Nc3 Qa5 4. d4 Nf6 5. Bd3 c6 6. Bd2 Qc7 7. Qe2 Bg4 8.
f3 Bh5 9. Nh3 e6 10. O-O-O Nbd7 11. Rhe1 O-O-O 12. g4 Bg6 13. Ng5 Nb6 14. Nge4
Nbd5 15. Nxd5 Nxd5 16. Qf2 Qb6 17. Bc4 Be7 18. Nc5 Qc7 19. h4 h5 20. g5 Bd6 21.
Qe2 Bf5 22. Ne4 Bf4 23. Kb1 Nb6 24. Bc3 Bxe4 25. fxe4 Bg3 26. Rh1 Nxc4 27. Qxc4
Qf4 28. Rhf1 Qg4 29. Qc5 Kb8 30. Rh1 Bd6 31. Qc4 Qxe4 32. Rde1 Qd5 33. Qd3 g6
34. Ref1 Rd7 35. Qf3 Qxf3 1/2-1/2

[Event "XI Weekend B"]
[Site "Gorgonzola ITA"]
[Date "2006.11.12"]
[Round "2"]
[White "Barrera, Pietro"]
[Black "Masotti, Roberto"]
[Result "1/2-1/2"]
[WhiteElo "1839"]
[BlackElo "1892"]
[PlyCount "66"]
[EventDate "2006.11.11"]

1. d4 d5 2. Nf3 Nc6 3. h3 Bf5 4. c3 e6 5. Bf4 Bd6 6. e3 Nge7 7. Bd3 Bxd3 8.
Qxd3 Ng6 9. Bxd6 cxd6 10. Nbd2 O-O 11. O-O-O Rb8 12. Kb1 b5 13. h4 Na5 14. h5
Ne7 15. g4 f6 16. Nh4 b4 17. c4 dxc4 18. Nxc4 d5 19. Nd2 Qb6 20. f4 Nac6 21.
Nb3 e5 22. Nc5 e4 23. Qe2 Rfd8 24. Ne6 Rd6 25. f5 Nd8 26. Nf4 b3 27. a3 Rc8 28.
Rc1 Rdc6 29. Rxc6 Qxc6 30. Qd2 Qa4 31. Rc1 Rc4 32. Ne2 Qc6 33. Ng2 g6 1/2-1/2

[Event "XI Weekend B"]
[Site "Gorgonzola ITA"]
[Date "2006.11.12"]
[Round "2"]
[White "Bernago, Federico"]
[Black "De La Pena, Elmer"]
[Result "0-1"]
[WhiteElo "1990"]
[BlackElo "1892"]
[PlyCount "123"]
[EventDate "2006.11.11"]

1. e4 c5 2. Nf3 g6 3. d3 Nc6 4. g3 Bg7 5. Bg2 d6 6. c3 Nf6 7. Nbd2 O-O 8. O-O
Bg4 9. h3 Bxf3 10. Qxf3 Rb8 11. Qd1 b5 12. f4 e5 13. f5 d5 14. exd5 Nxd5 15.
Ne4 b4 16. f6 Bh8 17. Qg4 Rb6 18. Qh4 Nb8 19. Bh6 Re8 20. Bg5 Nd7 21. Rf2 Nf8
22. Raf1 a5 23. c4 Nc7 24. Be3 Qxd3 25. Bxc5 Ra6 26. Bxf8 Rxf8 27. c5 Ne6 28.
Kh2 Qb5 29. Qh6 Rd8 30. h4 Qe8 31. Ng5 Nxg5 32. Qxg5 e4 33. Re2 Re6 34. Rfe1
Bxf6 35. Qc1 Rd4 36. Qc2 e3 37. c6 Rd8 38. c7 Rc8 39. Bb7 Bd4 40. Bxc8 Qxc8 41.
Qd3 Bb6 42. Qd8+ Re8 43. Qxc8 Rxc8 44. Rc2 Rxc7 45. Rxc7 Bxc7 46. Rxe3 Kf8 47.
Kg2 h6 48. g4 Bd6 49. Rd3 Ke7 50. Kf3 f6 51. Ke4 Ke6 52. Rf3 a4 53. b3 a3 54.
h5 gxh5 55. gxh5 Be5 56. Rf2 Bc3 57. Rf1 Be5 58. Rf3 Kd6 59. Rf2 Bc3 60. Kf5
Ba1 61. Rf4 Bc3 62. Re4 {...} 0-1

[Event "XI Weekend B"]
[Site "Gorgonzola ITA"]
[Date "2006.11.12"]
[Round "2"]
[White "Bisignano, Giuseppe"]
[Black "Acunzo, Domenico"]
[Result "1-0"]
[WhiteElo "1921"]
[BlackElo "1778"]
[PlyCount "77"]
[EventDate "2006.11.11"]

1. e4 e6 2. d4 d5 3. Nc3 Bb4 4. e5 c5 5. a3 Bxc3+ 6. bxc3 Ne7 7. Nf3 Nbc6 8.
Bd3 Qa5 9. Bd2 cxd4 10. cxd4 Qa4 11. Bf4 Bd7 12. c4 Qxd1+ 13. Rxd1 dxc4 14.
Bxc4 Nd5 15. Bxd5 exd5 16. O-O O-O 17. Rb1 b6 18. h3 f6 19. exf6 Rxf6 20. Be5
Rf7 21. Rfe1 h6 22. Kh2 g5 23. Rb2 Kh7 24. Bd6 Rf6 25. Bg3 Raf8 26. Ne5 Be8 27.
Nxc6 Bxc6 28. Re7+ R8f7 29. Rbe2 Kg6 30. f3 Bb5 31. R2e3 Bc4 32. h4 Rf5 33. Re8
Kh5 34. hxg5 Rxg5 35. Be5 Kg6 36. g4 Rh7 37. Bf4 h5 38. R3e6+ Kf7 39. R8e7+ 1-0

[Event "XI Weekend B"]
[Site "Gorgonzola ITA"]
[Date "2006.11.12"]
[Round "2"]
[White "Bongiorni, Gabriele"]
[Black "Saccani, Ettore"]
[Result "0-1"]
[WhiteElo "1793"]
[BlackElo "1917"]
[PlyCount "96"]
[EventDate "2006.11.11"]

1. d4 Nf6 2. a3 g6 3. Nf3 Bg7 4. Bf4 O-O 5. e3 d6 6. c3 c5 7. Nbd2 Nc6 8. Be2
Nh5 9. Bg3 cxd4 10. cxd4 Bd7 11. Ng5 Nf6 12. h4 Rc8 13. b4 Nd5 14. Qb3 Nxd4 15.
exd4 Bxd4 16. O-O Nc3 17. Bc4 Qe8 18. a4 h6 19. Ngf3 Bg7 20. Rfe1 Bxa4 21. Rxa4
Qxa4 22. Qxa4 Nxa4 23. Bb5 Nc3 24. Bd7 Rc7 25. Rxe7 Ne2+ 26. Rxe2 Rxd7 27. Nb3
Rc8 28. Rd2 Rcd8 29. Rd5 Be5 30. Nxe5 dxe5 31. Rxd7 Rxd7 32. Bxe5 Rd1+ 33. Kh2
Rb1 34. Nd2 Rxb4 35. Kg3 b5 36. f4 a5 37. Bc3 Ra4 38. Kg4 f5+ 39. Kf3 Ra3 40.
Nb1 Rb3 41. Ke2 Rxb1 42. Bxa5 Rb3 43. Kf2 Kf7 44. Bc7 h5 45. Ke2 Ke6 46. Kd2
Kd5 47. Kc2 Kc4 48. Be5 Rg3 0-1

[Event "XI Weekend B"]
[Site "Gorgonzola ITA"]
[Date "2006.11.12"]
[Round "2"]
[White "Cambieri, Mario"]
[Black "Casartelli, Fabio"]
[Result "1-0"]
[WhiteElo "1877"]
[BlackElo "1947"]
[PlyCount "59"]
[EventDate "2006.11.11"]

1. c4 Nf6 2. Nc3 g6 3. d4 Bg7 4. g3 O-O 5. Bg2 d6 6. Nf3 Nbd7 7. e4 c5 8. d5
Ng4 9. O-O Nge5 10. Nxe5 Nxe5 11. Qe2 f5 12. f4 Ng4 13. h3 Bd4+ 14. Kh1 Bxc3
15. bxc3 Nf6 16. e5 dxe5 17. fxe5 Ne4 18. Bxe4 fxe4 19. Bh6 Rf3 20. Rxf3 exf3
21. Qxf3 Bxh3 22. e6 Qe8 23. g4 g5 24. Qxh3 Qg6 25. Rf1 Rd8 26. Rf7 Qb1+ 27.
Qf1 Qe4+ 28. Qf3 Qb1+ 29. Kg2 Qc2+ 30. Kg3 1-0

[Event "XI Weekend B"]
[Site "Gorgonzola ITA"]
[Date "2006.11.12"]
[Round "2"]
[White "Carbone, Lorenzo"]
[Black "Eynard, Valdo"]
[Result "1/2-1/2"]
[WhiteElo "1820"]
[BlackElo "1986"]
[PlyCount "84"]
[EventDate "2006.11.11"]

1. e4 c6 2. c4 d5 3. exd5 cxd5 4. cxd5 Nf6 5. Bb5+ Bd7 6. Qa4 g6 7. Nf3 Bg7 8.
Ne5 O-O 9. Nxd7 Nbxd7 10. Nc3 Nb6 11. Qb3 Nfxd5 12. O-O Rc8 13. a4 a6 14. Be2
Nf4 15. Bf3 Nd3 16. Be2 Nc4 17. Qc2 Nce5 18. b3 Qd4 19. Ba3 Rc7 20. g3 Rfc8 21.
Kg2 Rxc3 22. dxc3 Rxc3 23. Qd1 Qd5+ 24. Kg1 Rxb3 25. Bxe7 Nc6 26. Ra3 Rxa3 27.
Bxa3 Nce5 28. Bb2 Qe4 29. Bxe5 Nxe5 30. f3 Qe3+ 31. Kg2 h5 32. Re1 Qc5 33. Qc1
Qb4 34. Qd1 Nc6 35. Bd3 Nd4 36. f4 Qb2+ 37. Kh1 Qf2 38. Be4 b5 39. axb5 axb5
40. Rf1 Qe3 41. Re1 Qf2 42. Rf1 Qe3 1/2-1/2

[Event "XI Weekend B"]
[Site "Gorgonzola ITA"]
[Date "2006.11.12"]
[Round "2"]
[White "Cartella, Giovanni"]
[Black "Oteri, Aldo"]
[Result "1-0"]
[WhiteElo "1851"]
[BlackElo "1954"]
[PlyCount "97"]
[EventDate "2006.11.11"]

1. d4 e6 2. Nf3 d5 3. Bf4 Nf6 4. e3 c5 5. c3 Nc6 6. Nbd2 Be7 7. dxc5 Bxc5 8.
Bd3 O-O 9. Qc2 Qe7 10. Ne5 h6 11. h3 Nh5 12. Nxc6 bxc6 13. Bh2 f5 14. O-O e5
15. Be2 Nf6 16. Qa4 Bd7 17. Qh4 Kh7 18. Qa4 Bb6 19. Qc2 g5 20. Rad1 e4 21. b4
Be8 22. Nb3 Bh5 23. Nd4 Bxd4 24. cxd4 Bxe2 25. Qxe2 Qxb4 26. Rb1 Qe7 27. Qa6
Rf7 28. Qxc6 Rd8 29. Be5 Nh5 30. Rb5 Qd7 31. Rc1 Qxc6 32. Rxc6 f4 33. Ra5 fxe3
34. fxe3 Ng7 35. Bxg7 Kxg7 36. Raa6 Rh8 37. Rg6+ Kf8 38. Rxh6 Rxh6 39. Rxh6 Kg7
40. Re6 Rd7 41. Re5 Kf6 42. Kf2 Rc7 43. a4 Rc2+ 44. Kg3 Re2 45. Rxd5 Rxe3+ 46.
Kf2 Rd3 47. a5 a6 48. Rd6+ Kf5 49. g4+ 1-0

[Event "XI Weekend B"]
[Site "Gorgonzola ITA"]
[Date "2006.11.12"]
[Round "2"]
[White "Cervini, Gian Piero"]
[Black "Virzi, Ettore"]
[Result "1/2-1/2"]
[WhiteElo "1808"]
[BlackElo "1967"]
[PlyCount "35"]
[EventDate "2006.11.11"]

1. e4 e5 2. Nf3 Nc6 3. d4 exd4 4. Bc4 Nf6 5. O-O Nxe4 6. Re1 d5 7. Bxd5 Qxd5 8.
Nc3 Qa5 9. Nxe4 Be6 10. Bd2 Bb4 11. Nxd4 Nxd4 12. c3 Be7 13. cxd4 Qd5 14. Rc1
c6 15. Bg5 f6 16. Bf4 O-O 17. Nc5 Bxc5 18. dxc5 1/2-1/2

[Event "XI Weekend B"]
[Site "Gorgonzola ITA"]
[Date "2006.11.12"]
[Round "2"]
[White "Crippa, Mario"]
[Black "Pulcini, Giorgio"]
[Result "1-0"]
[WhiteElo "1895"]
[BlackElo "1762"]
[PlyCount "67"]
[EventDate "2006.11.11"]

1. e4 e5 2. Nf3 Nc6 3. Bc4 Bc5 4. O-O d6 5. h3 f5 6. d3 Nf6 7. Bg5 h6 8. Bxf6
Qxf6 9. Nc3 Be6 10. Bxe6 Qxe6 11. Nd5 O-O-O 12. c3 g5 13. b4 Bb6 14. Qb3 Qg8
15. b5 Na5 16. Ne7+ Kb8 17. Qxg8 Rdxg8 18. Nxg8 Rxg8 19. exf5 h5 20. g4 hxg4
21. hxg4 Rh8 22. Kg2 c6 23. bxc6 Nxc6 24. Rh1 Rg8 25. Rh5 Ne7 26. Rah1 Nd5 27.
Rh8 Nf4+ 28. Kf1 Rxh8 29. Rxh8+ Kc7 30. d4 Nd3 31. f6 Nc1 32. f7 Nxa2 33. f8=Q
Nxc3 34. Qc8# 1-0

[Event "XI Weekend B"]
[Site "Gorgonzola ITA"]
[Date "2006.11.12"]
[Round "2"]
[White "Lanni, Vincenzo"]
[Black "Regorda, Vittorio"]
[Result "1/2-1/2"]
[WhiteElo "1784"]
[BlackElo "1862"]
[PlyCount "81"]
[EventDate "2006.11.11"]

1. d4 Nf6 2. g3 g6 3. Bg2 Bg7 4. Nf3 O-O 5. O-O d6 6. Nbd2 Nc6 7. c3 Ng4 8. Qb3
e5 9. dxe5 Ngxe5 10. Nxe5 Nxe5 11. Nf3 h6 12. Nxe5 dxe5 13. Be3 c6 14. Bc5 Re8
15. Rad1 Qc7 16. Bd6 Qb6 17. Qxb6 axb6 18. Ba3 Be6 19. Rd2 Red8 20. Rfd1 Bf6
21. Rxd8+ Rxd8 22. Rxd8+ Bxd8 23. Bd6 f6 24. a3 Kf7 25. b4 b5 26. e4 Bb6 27.
Bf1 Bb3 28. Bh3 Be6 29. Bf1 Ba7 30. Bd3 Bb3 31. g4 Bb6 32. Kg2 g5 33. Kg3 Bd8
34. Bc5 Ke6 35. h3 b6 36. Be3 Kd6 37. h4 Bc4 38. Bc2 c5 39. hxg5 hxg5 40. f3
Kc6 41. Kf2 1/2-1/2

[Event "XI Weekend B"]
[Site "Gorgonzola ITA"]
[Date "2006.11.12"]
[Round "2"]
[White "Marino, Marco"]
[Black "Ciciotti, Augusto"]
[Result "1/2-1/2"]
[WhiteElo "1863"]
[BlackElo "1909"]
[PlyCount "71"]
[EventDate "2006.11.11"]

1. e4 c5 2. Nf3 Nc6 3. Bb5 g6 4. O-O Bg7 5. Re1 Nf6 6. c3 O-O 7. d4 cxd4 8.
cxd4 d5 9. e5 Ne8 10. Nc3 Nc7 11. Bxc6 bxc6 12. Na4 Bg4 13. h3 Bxf3 14. Qxf3
Ne6 15. Qe3 Qa5 16. Nc3 Qb4 17. Rd1 Rfd8 18. Ne2 c5 19. a3 Qb6 20. dxc5 Qxc5
21. Qxc5 Nxc5 22. Nd4 Rac8 23. f4 f6 24. b4 Ne4 25. Ne6 Nc3 26. Re1 Rd7 27. Nc5
Rdc7 28. Bb2 d4 29. Bxc3 dxc3 30. Rac1 fxe5 31. fxe5 Bh6 32. Rc2 a5 33. Ree2
Bd2 34. Ne4 axb4 35. axb4 Bf4 36. Nc5 1/2-1/2

[Event "XI Weekend B"]
[Site "Gorgonzola ITA"]
[Date "2006.11.12"]
[Round "2"]
[White "Olivo, Mario"]
[Black "Milanesi, Erminio"]
[Result "1/2-1/2"]
[WhiteElo "1954"]
[BlackElo "1879"]
[PlyCount "92"]
[EventDate "2006.11.11"]

1. c4 g6 2. Nc3 Nh6 3. g3 f6 4. Bg2 c6 5. e4 Nf7 6. Nge2 Bg7 7. O-O O-O 8. b3
Na6 9. Bb2 Nc7 10. d4 d6 11. Qc2 e5 12. Rad1 Qe7 13. Ba3 c5 14. dxc5 dxc5 15.
Nd5 Nxd5 16. Rxd5 b6 17. Bc1 Be6 18. Rd3 Rad8 19. Rfd1 Rxd3 20. Rxd3 Rd8 21.
Nc3 Rxd3 22. Qxd3 Nd8 23. Nd5 Qd7 24. f4 Nc6 25. a3 Nd4 26. Be3 h6 27. fxe5
fxe5 28. Bxh6 Bxd5 29. Bxg7 Bxc4 30. Qxc4+ Kxg7 31. b4 Ne6 32. bxc5 Nxc5 33.
Qd5 Qxd5 34. exd5 Kf6 35. Kf2 b5 36. Ke3 a5 37. Kd2 b4 38. axb4 axb4 39. Bh3
Ne4+ 40. Kc2 Nc5 41. Bc8 e4 42. d6 e3 43. Bg4 g5 44. h4 gxh4 45. gxh4 Ne4 46.
Kb3 Ng3 1/2-1/2

[Event "XI Weekend B"]
[Site "Gorgonzola ITA"]
[Date "2006.11.12"]
[Round "2"]
[White "Primerano, Carlo"]
[Black "Murli, Almerico"]
[Result "1/2-1/2"]
[WhiteElo "1758"]
[BlackElo "1889"]
[PlyCount "74"]
[EventDate "2006.11.11"]

1. d4 g6 2. c4 Bg7 3. Nc3 Nf6 4. e4 d6 5. f3 O-O 6. Be3 e5 7. d5 Nh5 8. Qd2 Nf4
9. g3 Nh5 10. O-O-O f5 11. exf5 gxf5 12. Bh6 Qe7 13. Bxg7 Qxg7 14. Bd3 Na6 15.
Nge2 Kh8 16. Rdg1 Nc5 17. Bc2 a5 18. h3 Nf6 19. g4 f4 20. h4 Bd7 21. h5 Be8 22.
Bf5 Ng8 23. Qc2 Nh6 24. Bd3 Nxd3+ 25. Qxd3 Nf7 26. Ne4 c6 27. g5 cxd5 28. cxd5
Rc8+ 29. Kb1 Bd7 30. N2c3 Bf5 31. g6 Nh6 32. gxh7 Qxh7 33. Ka1 Rg8 34. Qe2
Rxg1+ 35. Rxg1 Bxe4 36. Nxe4 Rg8 37. Rc1 Qg7 1/2-1/2

[Event "XI Weekend B"]
[Site "Gorgonzola ITA"]
[Date "2006.11.12"]
[Round "2"]
[White "Riboldi, Raffaele"]
[Black "Savarese, Vincenzo"]
[Result "1-0"]
[WhiteElo "1927"]
[BlackElo "1865"]
[PlyCount "63"]
[EventDate "2006.11.11"]

1. d4 d5 2. c4 dxc4 3. Nc3 a6 4. a4 Nc6 5. d5 Na5 6. e4 e6 7. Nf3 exd5 8. exd5
Nf6 9. Bg5 Bb4 10. Qe2+ Qe7 11. Bxf6 gxf6 12. Qxe7+ Kxe7 13. Nd2 Rg8 14. g3
Bxc3 15. bxc3 b5 16. Bg2 Bb7 17. axb5 axb5 18. Rb1 c6 19. O-O Rgd8 20. dxc6
Bxc6 21. Rfe1+ Kf8 22. Bxc6 Nxc6 23. Ne4 Rab8 24. Nxf6 Kg7 25. Nh5+ Kf8 26. Re4
Rd3 27. Nf6 Rbd8 28. Rxb5 Rxc3 29. Rg5 Rd1+ 30. Kg2 Ne7 31. Nxh7+ Ke8 32. Rge5
1-0

[Event "XI Weekend B"]
[Site "Gorgonzola ITA"]
[Date "2006.11.12"]
[Round "2"]
[White "Rossi, Giampiero"]
[Black "Regorda, Massimiliano"]
[Result "1-0"]
[WhiteElo "1976"]
[BlackElo "1885"]
[PlyCount "73"]
[EventDate "2006.11.11"]

1. d4 d5 2. c4 e6 3. Nc3 c5 4. cxd5 exd5 5. Nf3 Nc6 6. e3 Nf6 7. Be2 Be7 8. O-O
O-O 9. dxc5 Bxc5 10. b3 Bg4 11. Bb2 Rc8 12. Rc1 Bd6 13. h3 Bh5 14. Nb5 Bb8 15.
Re1 a6 16. Nbd4 Nxd4 17. Qxd4 Re8 18. Qh4 Bxf3 19. Bxf3 Be5 20. Bxe5 Rxe5 21.
Qd4 Re7 22. Rxc8 Qxc8 23. Rd1 Rd7 24. Qb2 h6 25. g3 b5 26. Kg2 b4 27. Rd4 a5
28. Qd2 Rc7 29. Bxd5 Rc2 30. Qd1 Rxa2 31. Bc4 Qf5 32. Rd8+ Kh7 33. Qf3 Qxf3+
34. Kxf3 a4 35. bxa4 Rxa4 36. Rf8 Nd7 37. Bd3+ 1-0

[Event "XI Weekend B"]
[Site "Gorgonzola ITA"]
[Date "2006.11.12"]
[Round "2"]
[White "Santandrea, Marco"]
[Black "Fiorili, Roberto"]
[Result "0-1"]
[WhiteElo "1829"]
[BlackElo "1942"]
[PlyCount "102"]
[EventDate "2006.11.11"]

1. e4 c5 2. c3 d5 3. exd5 Qxd5 4. d4 Nf6 5. Nf3 Bg4 6. Be2 cxd4 7. cxd4 a6 8.
Nc3 Qd6 9. O-O e6 10. Be3 Nc6 11. h3 Bh5 12. Qb3 Rb8 13. Rfd1 Nd5 14. Nxd5 exd5
15. Rac1 Be7 16. Rc5 f6 17. Rdc1 Bf7 18. g3 Qd8 19. R5c3 O-O 20. a3 Qd7 21. Kg2
Be6 22. Ng1 Rbc8 23. Qc2 Ra8 24. b4 Bd6 25. Qd1 f5 26. f4 g5 27. fxg5 f4 28.
Bf2 Qg7 29. g4 Qxg5 30. Nf3 Qg7 31. Kf1 Rf6 32. Bd3 h5 33. Bh4 Rf7 34. Ng5 Re7
35. Nxe6 Rxe6 36. Bf5 Re3 37. Bf2 Rae8 38. Bxe3 fxe3 39. R1c2 Nxd4 40. Rg2 e2+
41. Rxe2 Rxe2 42. Rc8+ Kf7 43. Qxe2 Nxe2 44. Kxe2 Qb2+ 45. Kd3 Qxa3+ 46. Kd4
Qa1+ 47. Kxd5 Qe5+ 48. Kc4 Qb5+ 49. Kc3 Qxb4+ 50. Kc2 hxg4 51. hxg4 a5 0-1

[Event "XI Weekend B"]
[Site "Gorgonzola ITA"]
[Date "2006.11.12"]
[Round "2"]
[White "Scarpellini, Felice"]
[Black "Conti, Walter"]
[Result "1-0"]
[WhiteElo "1887"]
[BlackElo "1806"]
[PlyCount "103"]
[EventDate "2006.11.11"]

1. c4 f5 2. Nc3 Nf6 3. g3 g6 4. Bg2 Bg7 5. e3 c6 6. Nge2 O-O 7. d4 d6 8. O-O
Na6 9. d5 Bd7 10. Nf4 Nc7 11. Qc2 Rc8 12. Bd2 e5 13. dxe6 Nxe6 14. Nce2 Nc5 15.
Rad1 Qe7 16. Bb4 Nfe4 17. Nc3 Nxc3 18. Bxc3 Rcd8 19. Bxg7 Kxg7 20. Qc3+ Kg8 21.
Qd4 Bc8 22. b4 Ne6 23. Qxa7 Ng5 24. Bxc6 Qc7 25. Bd5+ Kg7 26. Qd4+ Kh6 27. h4
Ne4 28. Be6 Qe7 29. Bxc8 Rxc8 30. Nd5 Qe5 31. Qxe5 dxe5 32. c5 Ra8 33. Ra1 Ra3
34. Nb6 Rd8 35. Nc4 Rc3 36. Nxe5 Kg7 37. Nf3 Nd2 38. Nxd2 Rxd2 39. Rad1 Rcd3
40. Rxd2 Rxd2 41. Ra1 Kf6 42. a4 Rb2 43. b5 Rc2 44. a5 Rxc5 45. a6 bxa6 46.
bxa6 Rc8 47. a7 Ra8 48. Kg2 Ke6 49. Kf3 h6 50. g4 Kd6 51. gxf5 gxf5 52. Kf4 1-0

[Event "XI Weekend B"]
[Site "Gorgonzola ITA"]
[Date "2006.11.12"]
[Round "3"]
[White "Acunzo, Domenico"]
[Black "Riboldi, Raffaele"]
[Result "1-0"]
[WhiteElo "1778"]
[BlackElo "1927"]
[PlyCount "83"]
[EventDate "2006.11.11"]

1. e4 e6 2. d4 d5 3. Nc3 Bb4 4. e5 c5 5. a3 Bxc3+ 6. bxc3 Ne7 7. Qg4 O-O 8. Bd3
c4 9. Be2 Nbc6 10. h4 f5 11. Qf3 Qa5 12. Bd2 Bd7 13. Nh3 Rad8 14. h5 h6 15. Nf4
Rf7 16. Rh4 Kf8 17. Qe3 Bc8 18. g4 Ke8 19. Qg3 Kd7 20. g5 Rg8 21. g6 Rff8 22.
Bf3 Kc7 23. Ke2 Kb8 24. Rhh1 Qa4 25. Ra2 Nxd4+ 26. cxd4 c3 27. Bxc3 Qc4+ 28.
Kd2 Qxa2 29. Be2 Qxa3 30. Ra1 Qxa1 31. Bxa1 Bd7 32. Qa3 Nc6 33. Qd6+ Kc8 34.
Nxe6 Bxe6 35. Qxe6+ Kb8 36. Qd6+ Ka8 37. Bb5 Rd8 38. Qc5 Na5 39. Bc3 b6 40. Qa3
Nb7 41. Bc6 Rc8 42. Bxd5 1-0

[Event "XI Weekend B"]
[Site "Gorgonzola ITA"]
[Date "2006.11.12"]
[Round "3"]
[White "Casartelli, Fabio"]
[Black "Barrera, Pietro"]
[Result "0-1"]
[WhiteElo "1947"]
[BlackElo "1839"]
[PlyCount "96"]
[EventDate "2006.11.11"]

1. d4 d5 2. Nd2 f5 3. c4 e6 4. Ngf3 Nf6 5. e3 Bd6 6. Bd3 c6 7. c5 Bc7 8. b4 O-O
9. Bb2 b6 10. Ne5 bxc5 11. dxc5 Nfd7 12. Ndf3 Nxe5 13. Nxe5 Bb7 14. g4 Nd7 15.
Nxd7 Qxd7 16. f4 Qe7 17. O-O Rae8 18. Rf2 Bc8 19. Qc2 Qh4 20. g5 e5 21. b5 exf4
22. exf4 Bxf4 23. Rg2 Re1+ 24. Rxe1 Qxe1+ 25. Bf1 Be3+ 26. Rf2 f4 27. Qe2 Qxe2
28. Bxe2 cxb5 29. Bxb5 Bxc5 30. Kg2 Bxf2 31. Kxf2 Bf5 32. Bd4 Be4 33. a4 Rf7
34. a5 Rc7 35. a6 Kf7 36. Be5 Rc2+ 37. Ke1 f3 38. Bd4 Rc7 39. Kf2 Ke6 40. Bf1
h6 41. gxh6 gxh6 42. Be3 h5 43. h4 Ke5 44. Bb5 Rc2+ 45. Ke1 d4 46. Bh6 Bg6 47.
Kd1 d3 48. Be3 f2 0-1

[Event "XI Weekend B"]
[Site "Gorgonzola ITA"]
[Date "2006.11.12"]
[Round "3"]
[White "Ciciotti, Augusto"]
[Black "Cantu', Guido"]
[Result "1-0"]
[WhiteElo "1909"]
[BlackElo "1819"]
[PlyCount "95"]
[EventDate "2006.11.11"]

1. d4 Nf6 2. c4 e6 3. Nf3 b6 4. g3 Ba6 5. b3 Bb4+ 6. Bd2 Be7 7. Bg2 Bb7 8. O-O
O-O 9. Nc3 d6 10. Bc1 Nbd7 11. Qc2 c5 12. Rd1 cxd4 13. Rxd4 Qc8 14. Ba3 Nc5 15.
Nb5 d5 16. Ne5 a6 17. Nc3 dxc4 18. Nxc4 Bxg2 19. Kxg2 Qb7+ 20. Kg1 Rfd8 21.
Rad1 Rxd4 22. Rxd4 Rd8 23. Qd2 Rxd4 24. Qxd4 Kf8 25. b4 Ncd7 26. Nd6 Qc7 27. b5
a5 28. e4 e5 29. Qc4 Qxc4 30. Nxc4 Bxa3 31. Nxa3 Ke7 32. Nc4 Kd8 33. f3 Kc7 34.
Kf2 h6 35. Ke3 g6 36. h3 Nh5 37. Nd5+ Kb8 38. g4 Nf4 39. Nxf4 exf4+ 40. Kxf4
Kc7 41. h4 Nc5 42. Ke3 Na4 43. Kd4 Kd7 44. f4 Ke6 45. f5+ gxf5 46. gxf5+ Kd7
47. e5 Kc7 48. Nd6 1-0

[Event "XI Weekend B"]
[Site "Gorgonzola ITA"]
[Date "2006.11.12"]
[Round "3"]
[White "Conti, Walter"]
[Black "Milanesi, Erminio"]
[Result "0-1"]
[WhiteElo "1806"]
[BlackElo "1879"]
[PlyCount "104"]
[EventDate "2006.11.11"]

1. d4 g6 2. Nf3 Nh6 3. e3 c6 4. Bd3 f6 5. Nbd2 Nf7 6. Qe2 Bg7 7. c3 a5 8. a4 b6
9. e4 O-O 10. O-O d6 11. h3 e6 12. Re1 Re8 13. Nf1 e5 14. dxe5 dxe5 15. Bc4 Be6
16. Be3 Qc7 17. Red1 Bxc4 18. Qxc4 Kh8 19. Bxb6 Qb7 20. Bc5 Na6 21. b4 Nxc5 22.
Qxc5 Bf8 23. Qc4 Nd6 24. Qe2 axb4 25. cxb4 Qxb4 26. Ng3 Rxa4 27. Rxa4 Qxa4 28.
Rc1 Rc8 29. Nd2 c5 30. Nc4 Nxc4 31. Rxc4 Qb3 32. Nf1 Ra8 33. Ne3 Ra4 34. Rxa4
Qxa4 35. Qc4 Qxc4 36. Nxc4 Kg7 37. Kf1 Kf7 38. Ke2 Ke6 39. Kd3 Bh6 40. Nb6 f5
41. f3 Bf4 42. Kc4 Be3 43. Na4 fxe4 44. fxe4 Kd6 45. Nb6 h5 46. Nc8+ Ke6 47.
Nb6 h4 48. Na4 Kf6 49. Nxc5 Bxc5 50. Kxc5 Kg5 51. Kd5 Kf4 52. Ke6 Kxe4 0-1